• 首页
  • 本馆介绍
  • 公告通知
  • 最新文献
  • 馆藏检索
  • 电子资源
  • 读者导购
  • 参考咨询
  • 我的图书馆
  • 登录
  • 详细信息显示
  • 放入我的书架
  • 预约/预借图书
  • 作者相关作品
  • 分类相关作品
  • 丛书相关作品
  • 出版社相关作品

书目信息

  • 表格格式
  • 工作单格式
  • 卡片格式
题名:
野菜图鉴
    
 
作者: 付彦荣 主编
分册:  
出版信息: 南京   江苏科学技术出版社  2017
页数: 256页
开本: 21cm
丛书名: 图鉴珍藏丛书
单 册:
中图分类: S647-64
科图分类:
主题词: 野生植物--ye sheng zhi wu--蔬菜--图集
电子资源:
ISBN: 978-7-5537-5365-2
000 01222nam0 22002891 450
001 1738653635
005 20170628091821.0
010    @a978-7-5537-5365-2@dCNY39.80
100    @a20170424d2017 em y0chiy50 ea
101 0  @achi
102    @aCN@b320000
105    @aa z 001yy
106    @ar
200 1  @a野菜图鉴@9ye cai tu jian@f付彦荣主编
210    @a南京@c江苏科学技术出版社@d2017
215    @a256页@d21cm
225 2  @a图鉴珍藏丛书@9tu jian zhen cang cong shu
300    @a含章·图鉴系列
314    @a付彦荣,园艺学博士,高级工程师,毕业于中国农业大学园艺专业,多年从事园艺领域研究与教学工作,现任职于中国风景园林学会。
330    @a本书主要选取日常生活中较为常见的257种野菜,以方便读者认识。比如人们常见的马齿苋、蕨菜、蒲公英、大车前、豆瓣菜等,详细介绍它们的名称、别名、特征、功效、习性、分布、饮食宜忌等,使读者能够有针对性地食用。同时,为每种野菜配备高清彩色图片,采取图鉴的方式展现野菜的各部位特征,以方便读者辨认不同野菜。
461  0 @12001 @a图鉴珍藏丛书
512 1  @a野菜图鉴@e257种野菜的特征识别
606 0  @a野生植物@9ye sheng zhi wu@x蔬菜@j图集
690    @aS647-64@v5
701  0 @a付彦荣@9fu yan rong@4主编
801  0 @aCN@bTANGWEI@c20170627
905    @b1017099-104@dS647-64@e431@f6
    
    野菜图鉴/付彦荣主编.-南京:江苏科学技术出版社,2017
    256页;21cm.-(图鉴珍藏丛书)
    含章·图鉴系列
    
    ISBN 978-7-5537-5365-2:CNY39.80
    本书主要选取日常生活中较为常见的257种野菜,以方便读者认识。比如人们常见的马齿苋、蕨菜、蒲公英、大车前、豆瓣菜等,详细介绍它们的名称、别名、特征、功效、习性、分布、饮食宜忌等,使读者能够有针对性地食用。同时,为每种野菜配备高清彩色图片,采取图鉴的方式展现野菜的各部位特征,以方便读者辨认不同野菜。
●
相关链接 在E读中查询图书 在五车中查询图书 在当当中查询图书 在豆瓣中查询图书


正题名:野菜图鉴     索取号:S647-64/431         预约/预借

序号 登录号 条形码 馆藏地/架位号 状态 备注
1 1017099   210170991   第二样本阅览室/ [索取号:S647-64/431] 在馆    
2 1017100   210171008   教育系资料室/ [索取号:S647-64/431] 在馆    
3 1017101   210171017   教育系资料室/ [索取号:S647-64/431] 在馆    
4 1017102   210171026   教育系资料室/ [索取号:S647-64/431] 在馆    
5 1017103   210171035   第三借阅区/ [索取号:S647-64/431] 在馆    
6 1017104   210171044   第三借阅区/ [索取号:S647-64/431] 在馆    
唐山师范学院图书馆 欢迎您!
大连网信软件有限公司© 版权所有